Thomas Calculus / (Record no. 608442)
[ view plain ]
| 000 -LEADER | |
|---|---|
| fixed length control field | 00334nam a22001337a 4500 |
| 020 ## - INTERNATIONAL STANDARD BOOK NUMBER | |
| International Standard Book Number | 978-9353060411 |
| 040 ## - CATALOGING SOURCE | |
| Transcribing agency | SCME |
| 100 ## - MAIN ENTRY--PERSONAL NAME | |
| Personal name | Joel Hass, Christopher Heil, Maurice D Weir |
| 9 (RLIN) | 127702 |
| 245 ## - TITLE STATEMENT | |
| Title | Thomas Calculus / |
| Statement of responsibility, etc. | Joel Hass |
| 250 ## - EDITION STATEMENT | |
| Edition statement | 14th ed. |
| 260 ## - PUBLICATION, DISTRIBUTION, ETC. | |
| Place of publication, distribution, etc. | Malaysia |
| Name of publisher, distributor, etc. | Pearson |
| Date of publication, distribution, etc. | 2018 |
| 300 ## - PHYSICAL DESCRIPTION | |
| Extent | 1048p. |
| 942 ## - ADDED ENTRY ELEMENTS (KOHA) | |
| Source of classification or shelving scheme | |
| Koha item type | Book |
| Withdrawn status | Lost status | Source of classification or shelving scheme | Damaged status | Not for loan | Permanent Location | Current Location | Shelving location | Date acquired | Total Checkouts | Total Renewals | Full call number | Barcode | Checked out | Date last seen | Date last checked out | Price effective from | Koha item type |
|---|---|---|---|---|---|---|---|---|---|---|---|---|---|---|---|---|---|
| School of Chemical & Materials Engineering (SCME) | School of Chemical & Materials Engineering (SCME) | Book Cart | 02/28/2024 | 2 | 7 | 515 T449T | SCME-4868 | 03/16/2026 | 12/29/2025 | 12/29/2025 | 02/28/2024 | Book |
